Perspectives in african theology (Record no. 3736)
[ view plain ]
| 000 -LEADER | |
|---|---|
| fixed length control field | 00418nam a22001457a 4500 |
| 008 - FIXED-LENGTH DATA ELEMENTS--GENERAL INFORMATION | |
| fixed length control field | 250602b |||||||| |||| 00| 0 eng d |
| 020 ## - INTERNATIONAL STANDARD BOOK NUMBER | |
| ISBN | 9789789052110 |
| 100 ## - MAIN ENTRY--AUTHOR | |
| Author | Gwamna Je'adayibe Dogaw |
| 245 ## - TITLE STATEMENT | |
| Title | Perspectives in african theology |
| 260 ## - PUBLICATION, DISTRIBUTION, ETC. (IMPRINT) | |
| Place of publication | plateau |
| Name of publisher | African christian textbook |
| Date of publication | 2014 |
| 300 ## - COLLATION | |
| Pagination | 187 |
| 650 ## - TRACINGS | |
| Main Subject | Theology, doctrinal africa |
| Subdivision (1st) | Christianity africa |
| 942 ## - ADDED ENTRY ELEMENTS (KOHA) | |
| Item type | Books |
| 050 ## - LIBRARY OF CONGRESS CALL NUMBER | |
| Classification number | BT 50.A35 |
| Item number | .G83 |
| Source of classification or shelving scheme | Not for loan | Permanent location | Current location | Date acquired | Accession No. | Full call number | Barcode. | Koha item type |
|---|---|---|---|---|---|---|---|---|
| Library of Congress Classification | Samuel Ogbemudia Main Library, University of Abuja | Samuel Ogbemudia Main Library, University of Abuja | 06/02/2025 | 2025/64833-34 | BT 50.A35.G83 | 2025-2300 | Books | |
| Library of Congress Classification | Samuel Ogbemudia Main Library, University of Abuja | Samuel Ogbemudia Main Library, University of Abuja | 06/02/2025 | 2025/64833-34 | BT 50.A35.G83 | 2025-2301 | Books |